[Event "AUTO-ADV-3858"]
[Site "http://www.queenalice.com/game.php?id=1483649"]
[Date "2017.6.24"]
[Round "1"]
[White "Nille"]
[Black "profmarcelosi"]
[Result "1-0"]
[WhiteElo "1812"]
[BlackElo "1790"]

1. e4 e5 2. Nf3 Nc6 3. Bc4 Nd4 4. Nxe5 Qg5 5. Ng4 d5 6. Bxd5 Bxg4 7. f3 Bc8 8.
O-O Bh3 9. Rf2 Bc5 10. c3 Nc2 11. d4 Qg6 12. Qxc2 Bb6 13. Be3 Nf6 14. Bxb7 Rb8
15. Bc6+ Nd7 16. Bxd7+ Kxd7 17. Qa4+ c6 18. Nd2 Bc7 19. f4 a5 20. d5 Rhd8 21.
dxc6+ Ke8 22. Nf3 Bg4 23. Ne5 Qh5 24. Nxg4 Qxg4 25. e5 Rd3 26. Qe4 Rbd8 27. Bd4
Rd1+ 28. Rf1 Rxf1+ 29. Kxf1 g6 30. e6 fxe6 31. Re1 Kf7 32. g3 a4 33. Be5 Bxe5
34. Qxe5 Qf3+ 35. Kg1 Qxc6 36. Qa5 Ra8 37. Qe5 Re8 38. Qd4 Qc7 39. Qxa4 Qb6+ 40.
Qd4 Qxb2 41. a4 Qa2 42. g4 h6 43. Qd7+ Re7 44. Qc6 Qd2 45. Rf1 Qe2 46. Qf3 Qc4
47. f5 exf5 48. gxf5 g5 49. Qh5+ Kf6 50. Qxh6+ Ke5 51. Re1+ Kf4 52. Qd6+ Kxf5
53. Qxe7 Qg4+ 54. Kf2 Qf4+ 55. Ke2 Qxh2+ 56. Kd1 g4 57. Qe6+ Kg5 58. Re5+ Kh4
59. Qh6+ Kg3 60. Re3+ Kg2 61. Re2+ 1-0

[Event "AUTO-OPEN-3817"]
[Site "http://www.queenalice.com/game.php?id=1483732"]
[Date "2017.6.25"]
[Round "1"]
[White "Pistolero"]
[Black "profmarcelosi"]
[Result "1-0"]
[WhiteElo "2015"]
[BlackElo "1805"]

1. e4 e5 2. f4 d6 3. Nf3 Bg4 4. h3 Bxf3 5. Qxf3 exf4 6. Qxf4 Nf6 7. d4 Qe7 8.
Bd3 Nc6 9. Be3 Nb4 10. O-O Nxd3 11. cxd3 g6 12. Qxf6 Qxf6 13. Rxf6 Bg7 14. Rf2
O-O 15. Nc3 b6 16. Raf1 c5 17. d5 Bxc3 18. bxc3 Rfe8 19. Rxf7 b5 20. Rd7 Red8
21. Rff7 a5 22. Rg7+ Kh8 23. Rxh7+ Kg8 24. Rdg7+ Kf8 25. Bh6 b4 26. Rh8# 1-0

[Event "AUTO-OPEN-3817"]
[Site "http://www.queenalice.com/game.php?id=1483733"]
[Date "2017.6.25"]
[Round "1"]
[White "profmarcelosi"]
[Black "Pistolero"]
[Result "1-0"]
[WhiteElo "1775"]
[BlackElo "2133"]

1. e4 c5 2. Nf3 e6 3. d4 cxd4 4. Nxd4 Bc5 5. Nc3 Nc6 6. Nxc6 bxc6 7. Bc4 d5 8.
exd5 cxd5 9. Bb5+ Bd7 10. Qg4 Qf6 11. Bxd7+ Kxd7 12. O-O Ne7 13. Bg5 Qg6 14.
Qa4+ Nc6 15. Qb5 Bd6 16. Qb7+ Bc7 17. Nb5 Rhc8 18. Nxc7 Rxc7 19. Qxa8 Qxg5 20.
a3 1-0

[Event "AUTO-OPEN-3817"]
[Site "http://www.queenalice.com/game.php?id=1483760"]
[Date "2017.6.25"]
[Round "1"]
[White "profmarcelosi"]
[Black "Haso"]
[Result "0-1"]
[WhiteElo "1776"]
[BlackElo "2031"]

1. e4 c5 2. Nf3 d6 3. d4 cxd4 4. Nxd4 Nf6 5. Nc3 a6 6. g3 e5 7. Nf3 Be7 8. Bg2
O-O 9. O-O b5 10. Nd5 Nxd5 11. Qxd5 Ra7 12. Be3 Rb7 13. Qd2 Nd7 14. Bh3 Nf6 15.
Bxc8 Qxc8 16. Bg5 Nxe4 17. Qe3 Nxg5 18. Nxg5 Qxc2 19. Qe4 Qxe4 20. Nxe4 d5 21.
Nd2 Rc8 22. Rac1 Rbc7 23. Rxc7 Rxc7 24. Re1 f6 25. Rd1 Rc2 26. Nf3 Rxb2 27. Rxd5
Rxa2 28. Nh4 g6 29. Rd7 Bc5 30. Rd8+ Kg7 31. Rd7+ Kh6 32. h3 Bxf2+ 33. Kh2 e4
0-1

[Event "AUTO-OPEN-3817"]
[Site "http://www.queenalice.com/game.php?id=1483761"]
[Date "2017.6.25"]
[Round "1"]
[White "Haso"]
[Black "profmarcelosi"]
[Result "1-0"]
[WhiteElo "2011"]
[BlackElo "1767"]

1. e4 e5 2. Nf3 Nc6 3. Bc4 Nd4 4. Nxd4 exd4 5. O-O g6 6. d3 Bg7 7. Qf3 Nf6 8. e5
d5 9. exf6 Qxf6 10. Re1+ Be6 11. Qxf6 Bxf6 12. Bxd5 O-O-O 13. Bxe6+ fxe6 14. Nd2
e5 15. Ne4 Be7 16. Bg5 Bxg5 17. Nxg5 Rde8 18. Re4 Rhf8 19. Nxh7 Rf5 20. Rae1 Rh8
21. g4 Rff8 22. Nxf8 Rxf8 23. Rxe5 Rf4 24. R1e4 1-0

[Event "AUTO-INT-3226"]
[Site "http://www.queenalice.com/game.php?id=1485314"]
[Date "2017.7.8"]
[Round "2"]
[White "TITAN10"]
[Black "profmarcelosi"]
[Result "0-1"]
[WhiteElo "1758"]
[BlackElo "1751"]

1. e4 e5 2. Nf3 Nc6 3. Bb5 Nge7 4. c3 a6 5. Ba4 b5 6. Bc2 g6 7. d4 exd4 8. cxd4
d5 9. O-O Bg4 10. Be3 Bg7 11. Nbd2 dxe4 12. Nxe4 Bxf3 13. gxf3 Nxd4 14. Bxd4
Bxd4 15. Qd2 Bxb2 16. Rad1 Qxd2 17. Rxd2 O-O 18. Bb3 Be5 19. Nc5 Rfd8 20. Rfd1
Rxd2 21. Rxd2 Nf5 22. Rd7 Nh6 23. Ne4 a5 24. Ng3 Bxg3 25. fxg3 c5 26. Rd5 c4 27.
Bc2 b4 28. Rb5 f5 29. Rc5 c3 30. Kg2 Nf7 31. Bb3 a4 32. Bd5 a3 33. Rc7 Rd8 34.
Bxf7+ Kf8 35. Bb3 h5 36. Kg1 Rd2 37. Kh1 Rf2 38. f4 h4 39. Kg1 hxg3 40. hxg3 Rb2
41. Rc4 Rxb3 0-1

[Event "AUTO-INT-3226"]
[Site "http://www.queenalice.com/game.php?id=1485315"]
[Date "2017.7.8"]
[Round "2"]
[White "profmarcelosi"]
[Black "TITAN10"]
[Result "0-1"]
[WhiteElo "1768"]
[BlackElo "1735"]

1. e4 c5 2. Nf3 d6 3. d4 cxd4 4. Nxd4 Nc6 5. Nc3 Nf6 6. Bb5 Bd7 7. O-O a6 8.
Nxc6 bxc6 9. Bc4 e5 10. Bg5 Be7 11. Qe2 O-O 12. Bxa6 Bc8 13. Bxc8 Qxc8 14. Rad1
Rb8 15. b3 h6 16. Bxf6 gxf6 17. Qe3 Kh7 18. a4 Rg8 19. g3 f5 20. exf5 Qxf5 21.
Rc1 d5 22. Qa7 Qe6 23. Qa6 Ra8 24. Qd3+ f5 25. h4 e4 26. Qd2 Bb4 27. Qe3 Qd6 28.
Na2 d4 29. Qe2 Bc5 30. Qc4 Raf8 31. b4 Ba7 32. Rcd1 f4 33. Qa6 Bb8 34. c3 d3 35.
b5 fxg3 36. f3 g2 37. Rfe1 Qh2+ 38. Kf2 Rxf3# 0-1

[Event "AUTO-INT-3226"]
[Site "http://www.queenalice.com/game.php?id=1485318"]
[Date "2017.7.8"]
[Round "2"]
[White "alvm"]
[Black "profmarcelosi"]
[Result "1-0"]
[WhiteElo "2077"]
[BlackElo "1788"]

1. d4 d5 2. c4 dxc4 3. e4 g6 4. Bxc4 Bg7 5. Ne2 e6 6. O-O Ne7 7. Nbc3 O-O 8. Bf4
Nbc6 9. Qd2 Nxd4 10. Nxd4 Bxd4 11. Rfd1 Nc6 12. Qc1 Qf6 13. Qd2 h6 14. Bxh6 Rd8
15. Bg5 Bxf2+ 16. Kh1 Rxd2 17. Bxf6 Rxd1+ 18. Rxd1 e5 19. Nd5 Bd7 20. Nxc7 Rc8
21. Rxd7 Na5 22. Bxf7+ Kf8 23. Ne6# 1-0

[Event "AUTO-INT-3226"]
[Site "http://www.queenalice.com/game.php?id=1485319"]
[Date "2017.7.8"]
[Round "2"]
[White "profmarcelosi"]
[Black "alvm"]
[Result "1/2-1/2"]
[WhiteElo "1797"]
[BlackElo "1903"]

1. e4 c6 2. Nf3 d5 3. exd5 cxd5 4. d4 Nc6 5. Bb5 Nf6 6. Nc3 Bg4 7. O-O e6 8. h3
Bxf3 9. Qxf3 Bd6 10. Bg5 O-O 11. Bxc6 bxc6 12. Na4 h6 13. Bxf6 Qxf6 14. Qxf6
gxf6 15. b3 e5 16. dxe5 fxe5 17. Rad1 e4 18. c4 Rad8 19. cxd5 cxd5 20. g3 Be5
21. Nc5 Rfe8 22. f4 Bc7 23. a4 Bb6 24. b4 e3 25. Rfe1 d4 26. a5 Bxc5 27. bxc5 d3
28. Kg2 d2 29. Re2 Rd5 30. Kf3 Rxc5 31. Rxe3 Rxe3+ 32. Kxe3 Rc3+ 33. Kf2 Ra3 34.
Rxd2 Rxa5 35. Rd8+ Kg7 36. Rd7 Ra2+ 37. Kf3 a5 38. h4 a4 39. h5 Rb2 40. Ra7 Rb3+
41. Kg4 a3 42. Kf5 Rxg3 43. Ra6 Rc3 44. Ra5 Rh3 45. Kg4 Rb3 46. Ra4 Rd3 47. Ra7
Kf6 48. Ra6+ Kg7 49. Kf5 Rh3 50. Kg4 Re3 51. Ra5 Kf6 52. Ra6+ 1/2-1/2

[Event "AUTO-INT-3226"]
[Site "http://www.queenalice.com/game.php?id=1485322"]
[Date "2017.7.8"]
[Round "2"]
[White "profmarcelosi"]
[Black "tomatito2"]
[Result "1-0"]
[WhiteElo "1774"]
[BlackElo "1772"]

1. e4 e5 2. Nf3 Nc6 3. Bc4 Nf6 4. d4 exd4 5. Bg5 Qe7 6. Bxf6 Qxf6 7. O-O Bd6 8.
Na3 a6 9. Bd3 Ne5 10. Nxe5 Qxe5 11. Nc4 Qe6 12. Nxd6+ Qxd6 13. e5 Qd5 14. c4
dxc3 15. bxc3 O-O 16. Qe2 d6 17. Be4 Qxe5 18. Qf3 c6 19. Rfe1 Qg5 20. Qd3 f5 21.
Bf3 d5 22. c4 Rd8 23. cxd5 cxd5 24. Bxd5+ Kh8 25. Qb3 f4 26. Bxb7 Bxb7 27. Qxb7
Rf8 28. Re6 Qa5 29. Qe4 Qa3 30. Re1 h6 31. Re7 Qxa2 32. Qg6 Qb2 33. h3 Qf6 34.
Qd3 Rad8 35. Qe2 Qg6 36. Re6 Rf6 37. Qxa6 f3 38. g3 Rxe6 39. Rxe6 Qb1+ 40. Kh2
Qc2 41. Qb6 Qd1 42. g4 Qf1 43. Qxd8+ Kh7 44. Kg3 Qg2+ 45. Kf4 Qh2+ 46. Kxf3
Qxh3+ 47. Kf4 Qh2+ 48. Ke3 Qh3+ 49. f3 Qf1 50. Qd3+ Qxd3+ 51. Kxd3 g5 52. Ke4
Kg7 53. Kf5 Kh7 54. Re7+ Kg8 55. Kg6 Kf8 56. Rh7 h5 57. gxh5 g4 58. fxg4 Kg8 59.
Ra7 Kf8 60. h6 Ke8 61. h7 Kf8 62. h8=Q# 1-0

[Event "AUTO-INT-3226"]
[Site "http://www.queenalice.com/game.php?id=1485323"]
[Date "2017.7.8"]
[Round "2"]
[White "tomatito2"]
[Black "profmarcelosi"]
[Result "1-0"]
[WhiteElo "1754"]
[BlackElo "1770"]

1. e4 e5 2. Nf3 Nc6 3. Bc4 g6 4. d4 exd4 5. Nxd4 Nxd4 6. Qxd4 Qf6 7. e5 Qf5 8.
Bd3 Qe6 9. Bg5 Bb4+ 10. Qxb4 Qxe5+ 11. Be3 Nf6 12. O-O d6 13. Re1 O-O 14. Bh6 c5
15. Rxe5 cxb4 16. Bxf8 dxe5 17. Bxb4 Be6 18. Nd2 Rd8 19. Bc3 b6 20. Bxe5 Nd7 21.
Nf3 Nc5 22. Ne1 Nxd3 23. Nxd3 h5 24. h4 Bf5 25. Rd1 a5 26. Bc7 Rc8 27. Bxb6 Rxc2
28. Bxa5 Bxd3 29. Rxd3 Kf8 30. Rb3 Rc1+ 31. Kh2 f6 32. Rb7 Kg8 33. Bd8 Rc2 34.
Bxf6 Rxf2 35. Bc3 Rf4 36. Kg3 Rg4+ 37. Kh3 Ra4 38. a3 Ra6 39. Kg3 Re6 40. Kf4
Re2 41. Kf3 Re6 42. a4 Kf8 43. b4 Rd6 44. Rc7 Ke8 45. a5 Kd8 46. Rc4 Rd3+ 47.
Kf4 Ke7 48. Rc5 Ke6 49. a6 1-0

[Event "AUTO-ADV-3908"]
[Site "http://www.queenalice.com/game.php?id=1496848"]
[Date "2017.9.29"]
[Round "1"]
[White "Mikalus"]
[Black "profmarcelosi"]
[Result "1-0"]
[WhiteElo "1916"]
[BlackElo "1712"]

1. e4 e5 2. Nf3 Nc6 3. Bc4 Nd4 4. Nxe5 Qg5 5. Bxf7+ Ke7 6. O-O Qxe5 7. c3 Kxf7
8. cxd4 Qxe4 9. d3 Qxd4 10. Be3 Qxb2 11. Qf3+ Nf6 12. Nd2 Qe5 13. Nc4 Qh5 14.
Qf4 d5 15. Qxc7+ 1-0

[Event "AUTO-ADV-3908"]
[Site "http://www.queenalice.com/game.php?id=1496849"]
[Date "2017.9.29"]
[Round "1"]
[White "profmarcelosi"]
[Black "Mikalus"]
[Result "0-1"]
[WhiteElo "1720"]
[BlackElo "1908"]

1. e4 c5 2. Nf3 Nc6 3. d4 cxd4 4. Nxd4 e5 5. Nxc6 bxc6 6. g3 Nf6 7. Nc3 Bb4 8.
Bd2 Bb7 9. Bg2 O-O 10. O-O Be7 11. Bg5 d6 12. Qd3 Ng4 13. Bxe7 Qxe7 14. Nd1 Rad8
15. Ne3 Bc8 0-1

[Event "AUTO-ADV-3908"]
[Site "http://www.queenalice.com/game.php?id=1496864"]
[Date "2017.9.29"]
[Round "1"]
[White "Givanildo"]
[Black "profmarcelosi"]
[Result "1-0"]
[WhiteElo "1602"]
[BlackElo "1675"]

1. e3 e5 2. d4 exd4 3. Qxd4 Nc6 4. Qe4+ Qe7 5. Qxe7+ Ngxe7 6. a3 g6 7. Nc3 Bg7
8. Bc4 O-O 9. Nd5 Nxd5 10. Bxd5 Ne7 11. Bb3 b6 12. Ne2 Bb7 13. O-O Nf5 14. Nf4
d6 15. e4 Bxe4 16. f3 Bb7 17. Bd2 Bxb2 18. Rab1 Bxa3 19. g4 Nh4 20. Nd5 a5 21.
Bc3 Bxd5 22. Bxd5 1-0

[Event "AUTO-ADV-3908"]
[Site "http://www.queenalice.com/game.php?id=1496865"]
[Date "2017.9.29"]
[Round "1"]
[White "profmarcelosi"]
[Black "Givanildo"]
[Result "0-1"]
[WhiteElo "1696"]
[BlackElo "1581"]

1. e4 d5 2. d4 dxe4 3. Nc3 Bf5 4. Bf4 e6 5. Qe2 Bb4 6. Qb5+ Nc6 7. Qxb7 Nge7 8.
Bxc7 Bxc3+ 9. bxc3 Qc8 10. Qxc8+ Rxc8 11. Bf4 h6 12. Bb5 O-O 13. Bd6 Rfd8 14.
Bxe7 Nxe7 15. Kd2 Nd5 16. c4 Nb4 17. a3 e3+ 18. fxe3 Nxc2 19. Ra2 Nxd4 20. exd4
Rxd4+ 21. Kc1 Rb8 22. Nf3 Rf4 23. Rd2 g5 0-1

[Event "AUTO-ADV-3908"]
[Site "http://www.queenalice.com/game.php?id=1496876"]
[Date "2017.9.29"]
[Round "1"]
[White "profmarcelosi"]
[Black "julianomachado"]
[Result "0-1"]
[WhiteElo "1771"]
[BlackElo "1952"]

1. e4 e5 2. Nf3 Nc6 3. Bc4 Bc5 4. c3 Nf6 5. d4 exd4 6. cxd4 Bb6 7. Bg5 h6 8.
Bxf6 Qxf6 9. e5 Qf4 10. O-O Nxd4 11. Nxd4 Bxd4 12. g3 Bxf2+ 13. Rxf2 Qxc4 14.
Na3 Qe6 0-1

[Event "AUTO-ADV-3908"]
[Site "http://www.queenalice.com/game.php?id=1496877"]
[Date "2017.9.29"]
[Round "1"]
[White "julianomachado"]
[Black "profmarcelosi"]
[Result "1-0"]
[WhiteElo "1961"]
[BlackElo "1762"]

1. e4 e5 2. Nf3 Nc6 3. Bb5 Nge7 4. O-O g6 5. d3 Bg7 6. Be3 a6 7. Bc4 d5 8. exd5
Nxd5 9. Bxd5 Qxd5 10. Nc3 Qd8 11. h3 Bf5 12. Qd2 O-O 13. Bh6 e4 14. Bxg7 Kxg7
15. dxe4 1-0

[Event "AUTO-OPEN-3853"]
[Site "http://www.queenalice.com/game.php?id=1496933"]
[Date "2017.9.30"]
[Round "1"]
[White "JailtonMaster"]
[Black "profmarcelosi"]
[Result "1-0"]
[WhiteElo "1994"]
[BlackElo "1704"]

1. e4 e5 2. Nf3 Nc6 3. Bb5 Nd4 4. Nxd4 exd4 5. O-O c6 6. Ba4 d6 7. d3 Nf6 8. f4
b5 9. Bb3 g6 10. e5 dxe5 11. fxe5 Nd5 12. Qf3 Be6 13. Nd2 Bg7 14. Re1 a5 15. a3
O-O 16. Nf1 a4 17. Ba2 c5 18. Bg5 1-0

[Event "AUTO-OPEN-3853"]
[Site "http://www.queenalice.com/game.php?id=1496934"]
[Date "2017.9.30"]
[Round "1"]
[White "profmarcelosi"]
[Black "JailtonMaster"]
[Result "0-1"]
[WhiteElo "1700"]
[BlackElo "1998"]

1. e4 c5 2. Nf3 Nc6 3. d4 cxd4 4. Nxd4 e6 5. Nc3 Nf6 6. Bg5 Be7 7. Bb5 O-O 8.
Bxc6 bxc6 9. e5 Nd5 10. Bxe7 Qxe7 11. Nxd5 cxd5 12. O-O Bb7 13. a3 d6 14. exd6
Qxd6 15. Qg4 e5 16. Nf5 Qf6 17. Rfe1 e4 18. c3 Rfe8 0-1

[Event "AUTO-OPEN-3853"]
[Site "http://www.queenalice.com/game.php?id=1496955"]
[Date "2017.9.30"]
[Round "1"]
[White "talisman77"]
[Black "profmarcelosi"]
[Result "1-0"]
[WhiteElo "1726"]
[BlackElo "1736"]

1. d4 d5 2. c4 Nf6 3. Nc3 g6 4. Nf3 Bg7 5. e3 Bg4 6. Be2 Ne4 7. O-O Nxc3 8. bxc3
O-O 9. Qb3 Nd7 10. Qxb7 dxc4 11. Bxc4 Nb6 12. Bb3 Qd6 13. Ng5 e6 14. Qa6 Be2 15.
Qxe2 e5 16. Qa6 exd4 17. Rd1 Bh6 18. Nxf7 1-0

[Event "AUTO-OPEN-3853"]
[Site "http://www.queenalice.com/game.php?id=1496956"]
[Date "2017.9.30"]
[Round "1"]
[White "profmarcelosi"]
[Black "talisman77"]
[Result "0-1"]
[WhiteElo "1754"]
[BlackElo "1708"]

1. e4 c5 2. Nf3 d6 3. d4 cxd4 4. Nxd4 Nf6 5. Nc3 e5 6. Nf3 Nc6 7. Bb5 Be7 8. Bg5
Bg4 9. O-O O-O 10. h3 Bh5 11. Nd5 Nxe4 12. Bxc6 Nxg5 13. Nxe7+ Qxe7 14. Bd5 e4
15. Re1 Nxf3+ 16. gxf3 Bxf3 17. Qxf3 Qg5+ 18. Qg4 Qxd5 0-1

[Event "AUTO-OPEN-3853"]
[Site "http://www.queenalice.com/game.php?id=1496967"]
[Date "2017.9.30"]
[Round "1"]
[White "maurice91"]
[Black "profmarcelosi"]
[Result "1-0"]
[WhiteElo "1823"]
[BlackElo "1785"]

1. d4 d5 2. Nf3 Nf6 3. Bf4 g6 4. e3 Bg7 5. Be2 O-O 6. O-O Nc6 7. Nbd2 Ne4 8. c4
dxc4 9. Nxe4 Bf5 10. Nc3 Nb4 11. Bxc4 c6 12. e4 Bg4 13. Be3 Bxf3 14. gxf3 e6 15.
Ne2 b5 16. Bb3 a5 17. Qd2 c5 18. a3 cxd4 19. Nxd4 Bxd4 20. Bxd4 Nc6 21. Rfd1
Nxd4 22. Qxd4 1-0

[Event "AUTO-OPEN-3853"]
[Site "http://www.queenalice.com/game.php?id=1496968"]
[Date "2017.9.30"]
[Round "1"]
[White "profmarcelosi"]
[Black "maurice91"]
[Result "0-1"]
[WhiteElo "1801"]
[BlackElo "1807"]

1. e4 c6 2. d4 d5 3. exd5 Qxd5 4. Nc3 Qa5 5. Nf3 Bg4 6. Be2 e6 7. O-O Nf6 8. Bd2
Qc7 9. Ne5 Bxe2 10. Qxe2 Nbd7 11. Nxd7 Qxd7 12. Bg5 Be7 13. Bxf6 Bxf6 14. Qg4
Qxd4 15. Qg3 O-O 16. Rab1 Be5 17. Qd3 Qxd3 18. cxd3 Rfd8 19. Rbd1 b5 20. Rfe1
Bd4 21. a3 a6 22. Rc1 c5 0-1